| 000 | 00657nam a2200205 i 4500 | ||
|---|---|---|---|
| 001 | 105568 | ||
| 003 | ES-MaACL | ||
| 007 | t| | ||
| 008 | 060725s1962 fr ||||1| fre d | ||
| 080 | _a1 Duehring, Eugen Karl | ||
| 080 | _a943"1789/1900" | ||
| 100 | 1 |
_aEngels, Friedrich. _947225 |
|
| 245 | 1 | 3 |
_aLe role de la violence dans l'histoire / _cFriedrich Engels. |
| 260 |
_aParis : _bEditions Sociales, _c[1962] |
||
| 300 |
_a109 p. ; _c21 cm. |
||
| 500 | _aBiblioteca Juan Andrade. | ||
| 600 | 1 | 4 |
_aDühring, Eugen Karl- _xCrítica e interpretación. _945948 |
| 651 | 4 |
_aAlemania- _xHistoria- _y1789-1900. _97659 |
|
| 852 |
_aES-MaACL _jAND-378 _bR.109682 |
||
| 999 |
_c105568 _d105568 |
||